00369pab a2200133 454500008004000000100001900040245006900059260000900128300001600137362001100153650001500164700002200179773003400201180718b2004 xxu||||| |||| 00| 0 eng d aSrinivas, S.N. aAlternatives to micro-irrigation: evaluation of the treadle pump c2004 ap.4271-275. a18 Sep aIrrigation aJalaayakshi, C.K. aEconomic and Political Weekly